000 00648nam a2200217Ii 4500
003 JO-AjNU
008 230605s9999||||xx |||||||||||||| ||und||
017 _a2007/4/1036
040 _aJO-AjNU
_bara
_erda
_cJO-AjNU
041 _aara
050 1 4 _aPJ7842 2007
100 3 _aتأليف الخطيب،نبيلة,
_eauthor
_924645
245 0 0 _aصلاة النار
250 _aط1
264 3 1 _aعمان:المؤلف،2007
300 _a104ص
336 _atext
_btxt
_2rdacontent
337 _aunmediated
_bn
_2rdamedia
338 _avolume
_bnc
_2rdacarrier
650 4 _aالشعر العربي -العصر الحديث - الأردن
_924646
999 _aA9108
_c12676
_d12676